|
|
|
|
| LEADER |
00000nab a2200000 a 4500 |
| 001 |
vtls000725917 |
| 003 |
SK-MaSNL |
| 005 |
20260319074509.0 |
| 008 |
160314c2000 xo 0 hun |
| 015 |
|
|
|a SNBRB2000/06-17518
|
| 035 |
|
|
|a CLN000078077
|
| 040 |
|
|
|a SNKBUCL
|b slo
|c SNKBUCL
|e AACR2
|
| 041 |
0 |
|
|a slo
|
| 044 |
|
|
|a xo
|c SK
|
| 080 |
|
|
|a 82:05(437.6=945.11)
|2 UDC-MRF-SK2
|
| 080 |
|
|
|a 05(437.6=945.11):82
|2 UDC-MRF-SK2
|
| 100 |
0 |
|
|a (dz)
|4 aut
|9 832000
|
| 245 |
1 |
0 |
|a Megjelent az Irodalmi Szemle 1-2. száma
|b ankét a szlovákiai magyar irodalom fél évszázadáról
|c [szerző] (dz)
|
| 300 |
|
|
|b Fotogr.
|
| 630 |
0 |
7 |
|a Irodalmi Szemle (časopis)
|y 2000
|x č. 1-2
|x prehľady bibliografické
|2 snkbucl
|9 917842
|
| 773 |
0 |
|
|t Új szó
|g Roč. 53, č. 105 (9.5.2000), s. 8
|
| 850 |
|
|
|a Slovenská národná knižnica v Martine
|
| 852 |
|
|
|a SNK
|b KIS3GCP
|
| 958 |
|
|
|a HU
|
| 958 |
|
|
|a SK
|
| 958 |
|
|
|a LX
|
| 958 |
|
|
|a RBX
|
| 999 |
|
|
|c 1453993
|d 1455923
|